| 000 | 00465 a2200145 4500 | ||
|---|---|---|---|
| 005 | 20250317123348.0 | ||
| 020 | _a978-0-8213-8261-5 | ||
| 082 | _a346.078 WES | ||
| 100 | _aWESTTBROOK, J. L. | ||
| 245 | _aA Global View of Business Insolvency Systems : Law, Justice, and Development | ||
| 260 |
_aWashington, DC, _bThe World Bank, _c2010. |
||
| 300 |
_axvi, 300p.: _bbibliograph, index, _c24cm. |
||
| 700 | _aBOOTH,C, D. ,PAULUS, C. G. &RAJAK, H. | ||
| 942 |
_2ddc _cBKS |
||
| 999 |
_c781 _d781 |
||